| 000 | 00549nam a22001937a 4500 | ||
|---|---|---|---|
| 003 | KOHA_MİRAKIL | ||
| 005 | 20251126125955.0 | ||
| 008 | 251126b tu ||||| |||| 00| 0 tur d | ||
| 020 | _a9786052987971 | ||
| 040 |
_aTR-AnABB _btur _cTR-AnABB |
||
| 041 | _atur | ||
| 082 |
_a891.79 _bBUL 2021 |
||
| 100 | 1 | _aBulgakov, Mihail, | |
| 245 | 1 | 0 |
_aBir ölünün anıları / _cMihail Bulgakov |
| 260 |
_aİstanbul : _bKırmızı Kedi Yayınları, _c2021 |
||
| 300 |
_a219 sayfa ; _c20 cm |
||
| 650 | 0 | 4 | _aTürk edebiyatı, roman |
| 942 |
_2ddc _cBK |
||
| 999 |
_c9638 _d9638 |
||
| 900 | _bGizem YORULMAZ | ||